Statistics for City to State #1

Click here to take the quiz!

General Stats

  • This quiz has been taken 12 times
  • The average score is 49 of 50

Answer Stats

CityAnswer% Correct
MobileAlabama
100%
FairbanksAlaska
100%
ScottsdaleArizona
100%
FayettevilleArkansas
100%
RiversideCalifornia
100%
New HavenConnecticut
100%
DoverDelaware
100%
AthensGeorgia
100%
HiloHawaii
100%
PeoriaIllinois
100%
EvansvilleIndiana
100%
DavenportIowa
100%
ShreveportLouisiana
100%
BangorMaine
100%
TowsonMaryland
100%
WorcesterMassachusetts
100%
KalamazooMichigan
100%
DuluthMinnesota
100%
BiloxiMississippi
100%
Jefferson CityMissouri
100%
MissoulaMontana
100%
LincolnNebraska
100%
RenoNevada
100%
Las CrucesNew Mexico
100%
AlbanyNew York
100%
AshevilleNorth Carolina
100%
CantonOhio
100%
Broken ArrowOklahoma
100%
BeavertonOregon
100%
ScrantonPennsylvania
100%
GreenvilleSouth Carolina
100%
PierreSouth Dakota
100%
ChattanoogaTennessee
100%
WacoTexas
100%
MontpelierVermont
100%
BellevueWashington
100%
MorgantownWest Virginia
100%
AppletonWisconsin
100%
CasperWyoming
100%
Fort CollinsColorado
92%
HialeahFlorida
92%
LexingtonKentucky
92%
NashuaNew Hampshire
92%
TrentonNew Jersey
92%
MinotNorth Dakota
92%
WarwickRhode Island
92%
ProvoUtah
92%
OlatheKansas
83%
TysonsVirginia
83%
Coeur d'AleneIdaho
75%

Score Distribution

Percentile by Number Answered

Percent of People with Each Score

Your Score History

You have not taken this quiz